000 01026nam0a22002771 4500
001 rc\3302668
005 20250609205945.0
021 _aRU
_b[73-3572]
035 _a(NLR Aleph) 007501087
090 _a7666028
_c7666028
100 _a20130115d1972 |||y0rusy50 ca
101 0 _arus
102 _aRU
105 _aa z |||||
200 1 _aБиологические закономерности повышения продуктивности животных
210 _aМосква
_cКолос
_d1972
215 _a295 с.
_cил.
_d21
300 _aПеред загл. авт.: П.В. Демченко, д-р с.-х. наук
320 _aСписок лит.: с. 287-293
606 _aСельскохозяйственные животные
_xПродуктивность
_xБиологические основы
_2psbo
700 1 _aДемченко
_bП.В.
_gПетр Васильевич
801 0 _aRU
_bNLR
_gpsbo
801 1 _aRU
_bELAR
_2rusmarc
852 _aNLR
_j72-3/11940
942 _cBOOK
980 _aNB